Catálogo
 En Linea

Las sociedades aborígenes americanas. / (Registro nro. 50327)

Detalles MARC
000 -CABECERA
campo de control de longitud fija 01059nam a22002417a 4500
003 - IDENTIFICADOR DEL NÚMERO DE CONTROL
campo de control DO-SdBNP
005 - FECHA Y HORA DE LA ÚLTIMA TRANSACCIÓN
campo de control 20240404094740.0
007 - CAMPO FIJO DE DESCRIPCIÓN FÍSICA--INFORMACIÓN GENERAL
campo de control de longitud fija ta
008 - DATOS DE LONGITUD FIJA--INFORMACIÓN GENERAL
campo de control de longitud fija 210830e2018 dr ab||gr|||| 001 edspa d
020 ## - NÚMERO INTERNACIONAL ESTÁNDAR DEL LIBRO
Número Internacional Estándar del Libro 9789945802306
040 ## - FUENTE DE LA CATALOGACIÓN
Centro catalogador/agencia de origen DO-SdBNP
Lengua de catalogación spa
Centro/agencia transcriptor BNPHU
041 ## - CÓDIGO DE LENGUA
Código de lengua original spa
082 ## - NÚMERO DE LA CLASIFICACIÓN DECIMAL DEWEY
Número de documento/Ítem C957s
100 1# - ENTRADA PRINCIPAL--NOMBRE DE PERSONA
Nombre de persona Cruz Sánchez, Filiberto
9 (RLIN) 13112
245 13 - MENCIÓN DE TÍTULO
Título Las sociedades aborígenes americanas. /
Mención de responsabilidad, etc. Filiberto Curz Sánchez
260 ## - PUBLICACIÓN, DISTRIBUCIÓN, ETC.
Lugar de publicación, distribución, etc. Santo Domingo :
Nombre del editor, distribuidor, etc. Editora el Nuevo Diario,
Fecha de publicación, distribución, etc. 2018
300 ## - DESCRIPCIÓN FÍSICA
Extensión 93 p.:
Otras características físicas il., mapas;
Dimensiones 20 cm
500 ## - NOTA GENERAL
Nota general Incluye biografía del autor en la cubierta posterior.
504 ## - NOTA DE BIBLIOGRAFÍA, ETC.
Nota de bibliografía, etc. Bibliografía, p. 91-92
505 ## - NOTA DE CONTENIDO CON FORMATO
Título 1.1. Periodización de la historia americana.--
-- 2.1. Diversas teorías sobre el poblamiento americano.--
-- 3.1. El poblamiento de Norteamérica.--
-- 4.1. El área cultural mesoamericana.--
-- 5.1 El área cultural suramericana.--
-- 6.1 Las comunidades prehispánicas del Caribe.--
-- 7.1 Cultura aborígenes sobrevientes.--
-- Referencias bibliográficas.
590 ## - NOTA LOCAL (RLIN)
Nota local Inventariado 2021 / MF
942 ## - ELEMENTOS DE PUNTO DE ACCESO ADICIONAL (KOHA)
Fuente del sistema de clasificación o colocación Dewey Decimal Classification
Tipo de ítem Koha Libro
Existencias
Estado de retiro Estado de pérdida Fuente del sistema de clasificación o colocación Restricciones de uso No para préstamo Código de colección Localización permanente Ubicación/localización actual Ubicación en estantería Fecha de adquisición Fuente de adquisición Total de préstamos Signatura topográfica completa Código de barras Fecha visto por última vez Precio válido a partir de Tipo de ítem Koha Número de copia
    Dewey Decimal Classification Préstamo en sala   Dominicana de Servicio Biblioteca Nacional Pedro Henríquez Ureña General Depósito 10.08.2021 Depósito legal   C957s 2021-25842 30.08.2021 30.08.2021 Libro y Folleto Colección Dominicana de Servicio e.3
    Dewey Decimal Classification Excluido de préstamo   Patrimonio Dominicano Biblioteca Nacional Pedro Henríquez Ureña Patrimonio Dominicano Depósito 10.08.2021 Depósito legal   C957s 2021-25840 30.08.2021 30.08.2021 Libro y Folleto Colección Patrimonio Dominicano  
    Dewey Decimal Classification Excluido de préstamo   Patrimonio Dominicano Biblioteca Nacional Pedro Henríquez Ureña Patrimonio Dominicano Depósito 10.08.2021 Depósito legal   C957s 2021-25841 30.08.2021 30.08.2021 Libro y Folleto Colección Patrimonio Dominicano e.2

Con tecnología Koha